Uno Strumento per la ricerca : le pubblicazioni degli Archivi di Stato Italiano : mostra bibliografica : Archivo de la Corona de Aragón, Barcelona, 4 - 30 novembre 1991 / Ufficio Centrale per i Beni Archivistici del Ministero per i Beni Culturali e Ambientali, Sezione di Studi Storici Alberto Boscolo dell'Istituto Italiano di Cultura le pubblicazioni degli Archivi di Stato Italiano :
MARC
| LEADER | 00000nam a2200000Ia 4500 | ||
|---|---|---|---|
| 001 | 9456 | ||
| 003 | BGR | ||
| 005 | 20260324175216.0 | ||
| 008 | 160829s9999 xx 000 0 cat d | ||
| 080 | |a FU-10-35 | ||
| 245 | |a Uno Strumento per la ricerca : |b le pubblicazioni degli Archivi di Stato Italiano : |b mostra bibliografica : |b Archivo de la Corona de Aragón, Barcelona, 4 - 30 novembre 1991 / Ufficio Centrale per i Beni Archivistici del Ministero per i Beni Culturali e Ambientali, Sezione di Studi Storici Alberto Boscolo dell'Istituto Italiano di Cultura | ||
| 260 | |a Barcelona : |b (Gráf. R. Simó), DL 1991 | ||
| 300 | |a XVII p. ; |c 21 cm | ||
| 650 | |a Arxius |x Itàlia |x Edició |x Exposicions |9 20541 | ||
| 710 | 2 | |a Istituto Italiano di Cultura (Barcelona, Catalunya) |9 54770 | |
| 710 | 1 | |a Itàlia |b Govern |b Ufficio Centrale per i Beni Archivistici |9 71052 | |
| 901 | |a Arxiu | ||
| 942 | |n 1 |2 udc |c MON | ||
| 952 | |0 0 |1 0 |4 0 |6 FU1035 |7 1 |9 41578 |a Arxiu |b Arxiu |d 2016-12-01 |l 0 |o FU-10-35 |p 9456 |r 2016-12-01 00:00:00 |w 2016-12-01 |y ARXIU | ||
| 999 | |c 43468 |d 43468 | ||